00618nam a2200181 a 4500008004100000020002200041245012500063260005300188300002900241504004100270650003700311700002100348700002100369700001900390003000100409005001700410040000900427  a917106526 (pbk. )10aPoverty Income Distribution and Labour Markets in Ethiopia /cedited by Arne Bigsten, Abebe Shimeles and Bereket Kebede. aSweden :bAlmqvist and Wiksell Trycker AB,c2005 a200 p. :bill. ;c24 cm. aIncludes bibliographical references. 1aPoverty and income distribution. aKebede, Bereket. aShimeles, Abebe. aBigsten, Arne.20230123125009.0 cNUST